[Event "POL-chT 2nd League"]
[Site "Jastrzebia Gora"]
[Date "2019.09.10"]
[Round "4.10"]
[White "Bednarska, Malgorzata"]
[Black "Rykala, Monika"]
[Result "1/2-1/2"]
[WhiteElo "1991"]
[BlackElo "1892"]
[PlyCount "81"]
[EventDate "2019.09.07"]
[EventType "team-swiss"]
[EventRounds "9"]
[EventCountry "POL"]
[SourceTitle "EXT 2020"]
[Source "ChessBase"]
[SourceDate "2019.10.17"]
[SourceVersion "1"]
[SourceVersionDate "2019.10.17"]
[SourceQuality "1"]
[WhiteTeam "Warszawa YMCA"]
[BlackTeam "Minsk Mazowiecki MTSz"]
[WhiteTeamCountry "POL"]
[BlackTeamCountry "POL"]

1. e4 c5 2. Nf3 d6 3. d4 cxd4 4. Nxd4 Nf6 5. Nc3 a6 6. Bc4 e6 7. Bb3 b5 8. Qf3 Qc7 9. 0-0 Bb7 10. Bxe6 fxe6 11. Nxe6 Qc4 12. Nd5 Bxd5 13. exd5 Kf7 14. Qe3 h6 15. b3 Qxc2 16. Re1 Nbd7 17. Nd4 Qe4 18. Qxe4 Nxe4 19. Rxe4 Nf6 20. Rf4 Kg6 21. Rf5 Re8 22. Be3 Re4 23. h3 Be7 24. g4 Nxg4 25. Rf4 Rxf4 26. Bxf4 Nf6 27. Nc6 Nxd5 28. Nxe7+ Nxe7 29. Bxd6 Nf5 30. Bc5 Rc8 31. b4 a5 32. a3 Kf7 33. Re1 axb4 34. axb4 Rc7 35. Re4 g6 36. h4 Rd7 37. Kg2 Rd3 38. Rf4 Ke6 39. Re4+ Kf7 40. Rf4 Ke6 41. Re4+ 1/2-1/2

[Event "POL-chT 2nd League"]
[Site "Jastrzebia Gora"]
[Date "2018.09.06"]
[Round "7.6"]
[White "Bednarska, Malgorzata"]
[Black "Parol, Pola"]
[Result "1-0"]
[WhiteElo "1991"]
[BlackElo "2108"]
[PlyCount "71"]
[EventDate "2018.09.01"]
[EventType "team-swiss"]
[EventRounds "9"]
[EventCountry "POL"]
[SourceTitle "CBM 186 Extra"]
[Source "ChessBase"]
[SourceDate "2018.08.24"]
[SourceVersion "1"]
[SourceVersionDate "2018.08.24"]
[SourceQuality "1"]
[WhiteTeam "Warszawa YMCA"]
[BlackTeam "Minsk Mazowiecki MTSz"]
[WhiteTeamCountry "POL"]
[BlackTeamCountry "POL"]

1. e4 c5 2. Nf3 d6 3. d4 cxd4 4. Nxd4 Nf6 5. Nc3 a6 6. Bc4 e6 7. Bb3 Nbd7 8. f4 Nc5 9. e5 dxe5 10. fxe5 Nfd7 11. Nf3 Be7 12. 0-0 0-0 13. Qe1 f5 14. Be3 Qc7 15. Bd4 b5 16. Qf2 Bb7 17. Kh1 Nxb3 18. axb3 b4 19. Na4 Bxf3 20. gxf3 Nxe5 21. Qe2 Bd6 22. Rae1 Nf7 23. Qxe6 Bxh2 24. Nb6 Rad8 25. Nd5 Qd6 26. Ne7+ Kh8 27. Bxg7+ Kxg7 28. Nxf5+ Kh8 29. Nxd6 Rxd6 30. Qe7 Rg8 31. Re6 Be5 32. Rxd6 Bxd6 33. Qxf7 Rg6 34. Re1 Rh6+ 35. Kg2 Rh2+ 36. Kg1 1-0

[Event "Poznan op 26th"]
[Site "Poznan"]
[Date "2018.08.19"]
[Round "2"]
[White "Bednarska, Malgorzata"]
[Black "Pawlowski, Rafal"]
[Result "1/2-1/2"]
[WhiteElo "1984"]
[BlackElo "1791"]
[PlyCount "76"]
[EventDate "2018.08.19"]
[EventType "swiss"]
[EventRounds "9"]
[EventCountry "POR"]
[SourceTitle "CBM 186 Extra"]
[Source "ChessBase"]
[SourceDate "2018.08.24"]
[SourceVersion "1"]
[SourceVersionDate "2018.08.24"]
[SourceQuality "1"]

1. e4 e6 2. d4 d5 3. Nc3 Bb4 4. e5 b6 5. Qg4 Bf8 6. Bg5 Qd7 7. h4 h6 8. Be3 h5 9. Qf3 Ne7 10. Nge2 Ba6 11. Ng3 Bxf1 12. Rxf1 g6 13. 0-0-0 Nbc6 14. Kb1 Na5 15. Bc1 Rb8 16. Qd3 b5 17. Nce2 Nc4 18. Nf4 b4 19. Ka1 a5 20. Ne4 Ng8 21. Ng5 Ne7 22. f3 Bh6 23. Ne4 dxe4 24. Qxc4 exf3 25. Rxf3 Qb5 26. Qxb5+ Rxb5 27. Ne2 Bxc1 28. Rxc1 0-0 29. c4 bxc3 30. Rfxc3 Nd5 31. Rc5 Rfb8 32. Rxb5 Rxb5 33. g3 Kf8 34. Rc4 Ke8 35. Kb1 Kd7 36. Kc1 Ne3 37. Ra4 Nd5 38. Nc3 Rb4 1/2-1/2

[Event "POL-chT 1st League"]
[Site "Poronin"]
[Date "2017.09.10"]
[Round "9.1"]
[White "Bednarska, Malgorzata"]
[Black "Miturova, Magdalena"]
[Result "0-1"]
[WhiteElo "2008"]
[BlackElo "2188"]
[PlyCount "138"]
[EventDate "2017.09.02"]
[EventType "team-tourn"]
[EventRounds "9"]
[EventCountry "POL"]
[SourceTitle "CBM 180 Extra"]
[Source "ChessBase"]
[SourceDate "2017.10.06"]
[SourceVersion "1"]
[SourceVersionDate "2017.10.06"]
[SourceQuality "1"]
[WhiteTeam "Warsaw YMCA"]
[BlackTeam "Lodz Okucia Budowlane"]
[WhiteTeamCountry "POL"]
[BlackTeamCountry "POL"]

1. e4 e5 2. Nf3 Nc6 3. d4 exd4 4. Nxd4 Bc5 5. Nb3 Bb6 6. Nc3 Nf6 7. Qf3 d6 8. Bg5 Ne5 9. Qe2 Neg4 10. Bh4 Be6 11. 0-0-0 Qe7 12. Nd4 Ne5 13. f4 Ng6 14. Bg5 h6 15. Bxf6 Qxf6 16. Nxe6 fxe6 17. g3 0-0-0 18. Bg2 Rhe8 19. Rhe1 Bd4 20. Rd3 c6 21. Nd1 e5 22. c3 Bb6 23. f5 Ne7 24. Ne3 Qf7 25. Kb1 Kb8 26. Red1 Nc8 27. R3d2 Bc7 28. Bf3 Re7 29. Bh5 Qg8 30. Bf3 Nb6 31. Qg2 Na4 32. Be2 b5 33. h4 Ka8 34. g4 Rb8 35. g5 hxg5 36. Qxg5 Qf8 37. Ka1 Nc5 38. Qg4 Rb6 39. Nc2 Bb8 40. Kb1 a5 41. Ne3 Ra7 42. h5 Rbb7 43. Qf3 Na4 44. Rg1 Qd8 45. Ka1 Qb6 46. Rg6 Qc5 47. Nd1 Qb6 48. Bd3 Nc5 49. Rdg2 b4 50. c4 a4 51. Kb1 a3 52. b3 Na4 53. Qf2 Qxf2 54. Rxf2 Nc5 55. Bc2 Rf7 56. Rfg2 Rad7 57. Ne3 Ba7 58. Ng4 Kb7 59. Kc1 Rd8 60. f6 gxf6 61. Nxf6 Ne6 62. h6 Be3+ 63. Kd1 Bg5 64. R2xg5 Nxg5 65. Rg7 Rh8 66. Rxg5 Rxf6 67. Rg7+ Kb6 68. h7 Rh6 69. Bd3 R8xh7 0-1

[Event "POL-chT 1st League"]
[Site "Poronin"]
[Date "2017.09.07"]
[Round "6.1"]
[White "Kulon, Klaudia"]
[Black "Bednarska, Malgorzata"]
[Result "1-0"]
[WhiteElo "2346"]
[BlackElo "2008"]
[PlyCount "79"]
[EventDate "2017.09.02"]
[EventType "team-tourn"]
[EventRounds "9"]
[EventCountry "POL"]
[SourceTitle "CBM 180 Extra"]
[Source "ChessBase"]
[SourceDate "2017.10.06"]
[SourceVersion "1"]
[SourceVersionDate "2017.10.06"]
[SourceQuality "1"]
[WhiteTeam "Wrzos Miedzyborow"]
[BlackTeam "Warsaw YMCA"]
[WhiteTeamCountry "POL"]
[BlackTeamCountry "POL"]

1. e4 c5 2. b3 Nc6 3. Bb2 Nf6 4. Nc3 e6 5. Bb5 Nd4 6. e5 Nd5 7. Nxd5 Nxb5 8. Ne3 d5 9. exd6 Qxd6 10. Nf3 Nd4 11. 0-0 Be7 12. Nc4 Qd5 13. Nxd4 cxd4 14. Qg4 Bf6 15. Ba3 Kd8 16. Nd6 e5 17. Qg3 Be6 18. c4 Qc6 19. f4 exf4 20. Qxf4 h5 21. Ne4 Be7 22. Bxe7+ Kxe7 23. Ng5 Rhf8 24. Rae1 Qd6 25. Qe4 Rad8 26. Qxb7+ Rd7 27. c5 Qd5 28. Qxd5 Rxd5 29. h4 Rxc5 30. Rxe6+ fxe6 31. Rxf8 Rxg5 32. hxg5 Kxf8 33. Kf2 Ke7 34. Kf3 e5 35. Ke4 Ke6 36. d3 Kd6 37. b4 a6 38. a4 h4 39. b5 axb5 40. axb5 1-0

[Event "POL-chT 1st League"]
[Site "Poronin"]
[Date "2017.09.06"]
[Round "5.1"]
[White "Bednarska, Malgorzata"]
[Black "Toma, Katarzyna"]
[Result "0-1"]
[WhiteElo "2008"]
[BlackElo "2262"]
[PlyCount "90"]
[EventDate "2017.09.02"]
[EventType "team-tourn"]
[EventRounds "9"]
[EventCountry "POL"]
[SourceTitle "CBM 180 Extra"]
[Source "ChessBase"]
[SourceDate "2017.10.06"]
[SourceVersion "1"]
[SourceVersionDate "2017.10.06"]
[SourceQuality "1"]
[WhiteTeam "Warsaw YMCA"]
[BlackTeam "Lublin Drakon"]
[WhiteTeamCountry "POL"]
[BlackTeamCountry "POL"]

1. e4 e5 2. Nf3 d6 3. d4 Nd7 4. Nc3 c6 5. Bc4 Be7 6. a4 a5 7. 0-0 Ngf6 8. Qe2 0-0 9. Rd1 Qc7 10. h3 h6 11. dxe5 Nxe5 12. Nxe5 dxe5 13. Be3 Nd7 14. Qh5 Nb6 15. Bb3 Be6 16. Rd3 Rad8 17. Rad1 Bxb3 18. cxb3 Bf6 19. Ne2 Rxd3 20. Rxd3 Rd8 21. Rxd8+ Qxd8 22. Ng3 Bg5 23. Bxg5 hxg5 24. Qe2 g6 25. Qc2 Qd4 26. Ne2 Qd6 27. Kf1 Nd7 28. Ng1 Nc5 29. Nf3 f6 30. Ke2 Ne6 31. g3 Kf7 32. Qc3 b6 33. Qc4 Ke7 34. Qc2 Qd7 35. Ke1 Nc5 36. h4 Qg4 37. Nd2 gxh4 38. gxh4 Qxh4 39. Qc4 Qh1+ 40. Ke2 Ne6 41. Kd3 Qd1 42. Ke3 Nd4 43. f3 Nc2+ 44. Kd3 Ne1+ 45. Ke3 Ng2+ 0-1

[Event "Poznan op 25th"]
[Site "Poznan"]
[Date "2017.08.25"]
[Round "7"]
[White "Bednarska, Malgorzata"]
[Black "Pawlowski, Rafal"]
[Result "1-0"]
[WhiteElo "2047"]
[BlackElo "1752"]
[PlyCount "89"]
[EventDate "2017.08.20"]
[EventType "swiss"]
[EventRounds "9"]
[EventCountry "POL"]
[SourceTitle "CBM 180 Extra"]
[Source "ChessBase"]
[SourceDate "2017.10.06"]
[SourceVersion "1"]
[SourceVersionDate "2017.10.06"]
[SourceQuality "1"]

1. e4 c6 2. d4 d5 3. exd5 cxd5 4. c4 Nf6 5. Nc3 e6 6. Nf3 Be7 7. cxd5 Nxd5 8. Bd3 Nc6 9. 0-0 0-0 10. Re1 Nf6 11. a3 b6 12. Bg5 Bb7 13. Rc1 Rc8 14. Bb1 g6 15. Ba2 Re8 16. h4 Na5 17. Ne5 Nd5 18. Nxd5 Bxd5 19. Rxc8 Qxc8 20. Bxd5 exd5 21. Qf3 Qe6 22. Nd3 Qd6 23. Bxe7 Rxe7 24. Rxe7 Qxe7 25. Qxd5 Nb7 26. h5 gxh5 27. Qxh5 Nd6 28. Qe5 Qd7 29. Nf4 Ne8 30. Nd5 f5 31. Qxe8+ Qxe8 32. Nf6+ Kf7 33. Nxe8 Kxe8 34. Kf1 Kd7 35. Ke2 Ke6 36. Kd3 Kd5 37. a4 a6 38. Ke3 b5 39. axb5 axb5 40. Kf4 Kxd4 41. Kxf5 b4 42. f4 Kc4 43. Ke5 Kb3 44. f5 Kxb2 45. f6 1-0

[Event "Poznan op 25th"]
[Site "Poznan"]
[Date "2017.08.20"]
[Round "1"]
[White "Bednarska, Malgorzata"]
[Black "Wojdak, Jan"]
[Result "1/2-1/2"]
[WhiteElo "2047"]
[BlackElo "1624"]
[PlyCount "95"]
[EventDate "2017.08.20"]
[EventType "swiss"]
[EventRounds "9"]
[EventCountry "POL"]
[SourceTitle "CBM 180 Extra"]
[Source "ChessBase"]
[SourceDate "2017.10.06"]
[SourceVersion "1"]
[SourceVersionDate "2017.10.06"]
[SourceQuality "1"]

1. e4 c5 2. Nf3 Nc6 3. d4 cxd4 4. Nxd4 Nf6 5. Nc3 d6 6. Bg5 e6 7. Qd2 a6 8. 0-0-0 Bd7 9. f4 b5 10. e5 dxe5 11. Nxc6 Bxc6 12. Qxd8+ Rxd8 13. Rxd8+ Kxd8 14. fxe5 h6 15. Bh4 g5 16. Bxg5 hxg5 17. exf6 Rh6 18. Bd3 Rxf6 19. Ne4 Bxe4 20. Bxe4 Kc7 21. Kd2 Bc5 22. Re1 Rh6 23. h3 f5 24. Bd3 Bd6 25. a4 bxa4 26. Bxa6 e5 27. Bb5 e4 28. Bxa4 Be5 29. c3 Bg3 30. Re2 Re6 31. Bb3 Ra6 32. Bc4 Rd6+ 33. Kc2 Bf4 34. Bf7 Rf6 35. Bg8 Kd6 36. b4 Ke5 37. b5 Rd6 38. Kb3 g4 39. hxg4 fxg4 40. Bc4 e3 41. Kb4 Ke4 42. Kc5 Rd2 43. b6 Rd3 44. b7 Rxc3 45. Rb2 Bb8 46. Re2 Rc1 47. Ra2 Be5 48. Re2 1/2-1/2

[Event "Poznan op 24th"]
[Site "Poznan"]
[Date "2016.08.11"]
[Round "4"]
[White "Pawlowski, Rafal"]
[Black "Bednarska, Malgorzata"]
[Result "1/2-1/2"]
[WhiteElo "1739"]
[BlackElo "2037"]
[PlyCount "37"]
[EventDate "2016.08.08"]
[EventType "swiss"]
[EventRounds "9"]
[EventCountry "POL"]
[SourceTitle "CBM 173 Extra"]
[Source "ChessBase"]
[SourceDate "2016.08.29"]
[SourceVersion "1"]
[SourceVersionDate "2016.08.29"]
[SourceQuality "1"]

1. d4 Nf6 2. c4 e5 3. dxe5 Ne4 4. Nf3 Nc6 5. Nbd2 Nc5 6. g3 d6 7. exd6 Bxd6 8. Bg2 Bg4 9. Nb3 Qe7 10. Be3 0-0-0 11. Qc1 Nxb3 12. axb3 Bb4+ 13. Kf1 Rhe8 14. Qc2 Bc5 15. Bxc5 Qxc5 16. h3 Bh5 17. Re1 Rd6 18. Kg1 Red8 19. Qxh7 1/2-1/2

[Event "Poznan op 24th"]
[Site "Poznan"]
[Date "2016.08.10"]
[Round "3"]
[White "Bednarska, Malgorzata"]
[Black "Dzierzak, Radoslaw"]
[Result "0-1"]
[WhiteElo "2037"]
[BlackElo "2222"]
[PlyCount "80"]
[EventDate "2016.08.08"]
[EventType "swiss"]
[EventRounds "9"]
[EventCountry "POL"]
[SourceTitle "CBM 173 Extra"]
[Source "ChessBase"]
[SourceDate "2016.08.29"]
[SourceVersion "1"]
[SourceVersionDate "2016.08.29"]
[SourceQuality "1"]

1. e4 c5 2. Nf3 Nc6 3. d4 cxd4 4. Nxd4 e6 5. Nc3 Qc7 6. g3 a6 7. Bg2 d6 8. 0-0 Bd7 9. Kh1 Nf6 10. f4 Be7 11. Be3 Na5 12. Bg1 Rc8 13. Qe2 Nc4 14. Nd1 0-0 15. b3 Na3 16. c4 Rfd8 17. Ne3 b5 18. Qb2 Qa5 19. Rac1 b4 20. Rcd1 Rc7 21. Rfe1 Rc5 22. Qe2 Qc7 23. Rd2 Bc8 24. Nd1 Bb7 25. Nb2 Bf8 26. Nd3 Ra5 27. Bf2 d5 28. cxd5 exd5 29. Rc1 Qb8 30. exd5 Nxd5 31. Ne5 Nc3 32. Qe1 Bxg2+ 33. Kxg2 Qa8+ 34. Ndf3 Rxd2 35. Qxd2 Rd5 36. Qe1 Nab5 37. Kg1 Rd8 38. Qe3 f6 39. Nc4 Re8 40. Qd3 Ne2+ 0-1